000 00289nam a22001337a 4500
008 170505b xxu||||| |||| 00| 0 eng d
020 _a0534006957
041 _aeng
080 _a343.9
100 _a15
101 _aSHJ
245 _aUNDERSTANDING CRIME
_cSHELEY, J.F
942 _2udc
_cBK
999 _c12732
_d12732